Vliv inhibitorů na využití dusíku močoviny jarním ječmenem

Bibliographic Details
Main Authors: Balík, Jiří (Author), Knop, Karel, 1932-1986 (Author), Vaněk, Václav (Author)
Format: Article
Language:Slovak
Czech
PhysicalDescription:Obr. 1. Tb. 5., lit. 12 zázn. v slov., češ., ruš., angl.
Subjects:

MARC

LEADER 00000nab a2200000 a 4500
001 vtls000179466
003 SK-MaSNL
005 20260304075141.0
008 250423c1984 xo 0 slo
015 |a SNBRB19rr/mm-uuuuu 
035 |a CL0189579 
035 |a urn:nbn:sk:snk-abbdem 
035 |a (urnnbn)urn:nbn:sk:snk:ar-0061h4 
035 |a (uuid)d7b5d057-30d7-4990-9ef4-8590eb822659 
040 |a SNKBUCL  |b slo  |c SNKBUCL  |e AACR2 
041 0 |a cze 
044 |a xo  |c SK 
080 |a 631.811.1:633.16  |2 1981 
080 |a 633.16  |2 1981 
100 1 |a Balík, Jiří  |4 aut  |9 748585 
245 1 0 |a Vliv inhibitorů na využití dusíku močoviny jarním ječmenem  |c Jiří Balík, Karel Knop, Václav Vaněk 
300 |b Obr. 1. Tb. 5., lit. 12 zázn. v slov., češ., ruš., angl. 
650 0 7 |a dusíkaté hnojivá  |2 snkbucl  |9 17141 
650 0 7 |a jarný jačmeň  |2 snkbucl  |9 71520 
650 0 7 |a dusík  |2 snkbucl  |9 15945 
650 0 7 |a inhibítory  |2 snkbucl  |9 1188084 
655 7 |a články z novín a časopisov  |2 snkbucl  |9 267496 
700 1 |a Knop, Karel,  |d 1932-1986  |4 aut  |9 118634 
700 1 |a Vaněk, Václav  |4 aut  |9 407631 
773 0 |t Agrochémia  |g Roč. 24, č. 3 (1984), s. 69-71 
850 |a Slovenská národná knižnica 
852 |a Slovenská národná knižnica 
954 |a odborná, vedecká literatúra cudzojazyčná (svetová)  |2 lita 
954 |a odborná, vedecká literatúra pôvodná (slovenská)  |2 lita 
958 |a article15 
958 |a OND 
958 |a NB 
958 |a RK 
958 |a CZ 
958 |a EUIPO 
992 |a RBX 
999 |c 2779913  |d 2781843